| 000 | 00708nam a22002057a 4500 | ||
|---|---|---|---|
| 005 | 20231123112621.0 | ||
| 010 | _a1516EN07 ENG-114408 ENG-136130 ENG-137869 | ||
| 020 |
_a9789351436119 _c1295.00 |
||
| 035 | _aEN-97940 EN-121401 | ||
| 035 | _aEN-119662 | ||
| 037 |
_bAsian Book Centre/Ven _adpl |
||
| 037 | _bDBAD/PUB | ||
| 082 | _a000 | ||
| 245 | _aJigeesha's general studies hand book paper-I/ | ||
| 260 |
_aGurgaon _bLexisNexis _c201? |
||
| 270 |
_a14th Floor, Building No.10, Tower-B, DLF Cyber City, Phase-II _bGurgaon _e122002 |
||
| 300 |
_avarious pagings: _c25cm(pbk) _bill. |
||
| 500 | _aFor Civil Services (Preliminary) Examination | ||
| 942 |
_2ddc _cEN _mJIG _h000 |
||
| 999 |
_c97959 _d97959 |
||